000 00362nam a22001337a 4500
020 _qPB.
040 _cFIZZA ISHAQ
082 _a649
_bLYN
100 _aMAROTZ,R.LYNN.
_9132365
245 _aHEALTH SAFETY AND NUTRITION FOR THE YOUNG CHILD /
_cLYNN R.MARTOZ.
260 _aCANADA;
_bDELMAR PUBLISHING,
_c1985.
300 _a497 P. ;
_c9.4X7.5IN
942 _2ddc
_cBK
999 _c615575
_d615575